Music Quiz

Random Music or Song Quiz
Score 0/16 Timer 08:00
0 Plays Today
Song Name % Correct
Lollipop
78.8%
A Milli
76.3%
Mr. Carter
75%
3 Peat
65%
Mrs. Officer
63.8%
Dr. Carter
60%
Got Money
58.8%
Let The Beat Build
47.5%
Song Name % Correct
Phone Home
46.3%
Comfortable
42.5%
Tie My Hands
42.5%
La La
37.5%
Shoot Me Down
35%
Playing With Fire
35%
DontGetIt
27.5%
You Ain't Got Nuthin
18.8%

You're not logged in!

Compare scores with friends on all Sporcle quizzes.
OR
Log In

Sporcle TV

Today on Sporcle TV


Watch our educational content, quiz creation guides, and fun videos on Sporcle TV.

Show Comments

Extras

Created Oct 11, 2009ReportNominate
Tags:Song Quiz, Carter, tha

Top Quizzes Today


Score Distribution

Paid Content

Your Account Isn't Verified!

In order to create a playlist on Sporcle, you need to verify the email address you used during registration. Go to your Sporcle Settings to finish the process.

Report this User

Report this user for behavior that violates our Community Guidelines.

Details: